Effect of higher doses of fertilizers on growth and yield of rubber in Tripura (Record no. 47223)

MARC details
000 -LEADER
fixed length control field 00750nam a2200301Ia 4500
100 ## - MAIN ENTRY--AUTHOR NAME
Personal name Chaushury M
245 #0 - TITLE STATEMENT
Title Effect of higher doses of fertilizers on growth and yield of rubber in Tripura
260 ## - PUBLICATION, DISTRIBUTION, ETC. (IMPRINT)
Name of publisher Indian Journal of Natural Rubber Research
Year of publication 2001
300 ## - PHYSICAL DESCRIPTION
Number of Pages 173-176
650 ## - SUBJECT ADDED ENTRY--TOPICAL TERM
Topical Term Fertilizer application
650 ## - SUBJECT ADDED ENTRY--TOPICAL TERM
Topical Term Fertilizer application
650 ## - SUBJECT ADDED ENTRY--TOPICAL TERM
Topical Term Growth
650 ## - SUBJECT ADDED ENTRY--TOPICAL TERM
Topical Term Growth
650 ## - SUBJECT ADDED ENTRY--TOPICAL TERM
Topical Term Rubber
650 ## - SUBJECT ADDED ENTRY--TOPICAL TERM
Topical Term Rubber
650 ## - SUBJECT ADDED ENTRY--TOPICAL TERM
Topical Term Tripura
650 ## - SUBJECT ADDED ENTRY--TOPICAL TERM
Topical Term Tripura
650 ## - SUBJECT ADDED ENTRY--TOPICAL TERM
Topical Term Yield
650 ## - SUBJECT ADDED ENTRY--TOPICAL TERM
Topical Term Yield
700 ## - ADDED ENTRY--PERSONAL NAME
Personal name Dey S K
700 ## - ADDED ENTRY--PERSONAL NAME
Personal name Eappen T
700 ## - ADDED ENTRY--PERSONAL NAME
Personal name Pothen J
700 ## - ADDED ENTRY--PERSONAL NAME
Personal name Roy S
700 ## - ADDED ENTRY--PERSONAL NAME
Personal name Sharma A C
700 ## - ADDED ENTRY--PERSONAL NAME
Personal name Varghese M
942 ## - ADDED ENTRY ELEMENTS (KOHA)
Koha item type Articles
Holdings
Withdrawn status Lost status Damaged status Not for loan Home library Current library Shelving location Date acquired Serial Enumeration / chronology Koha item type
      Articles RRII Library RRII Library Agronomy 27/09/2002 Volume 14, Issue 2 Articles